Statistics for NFL - Guess These Players (EASY)

Click here to take the quiz!

General Stats

  • This quiz has been taken 103 times
  • The average score is 7 of 8

Answer Stats

Answer% Correct
Jared Goff
99%
Cooper Kupp
97%
Aaron Donald
96%
Justin Tucker
94%
Chris Jones
93%
Jalen Ramsey
83%
Trent Williams
82%
Christian Wilkins
67%

Score Distribution

Percentile by Number Answered

Percent of People with Each Score

Your Score History

You have not taken this quiz